01121nam a2200265 i 4500001000300000245014300003260004800146300002100194490004900215521010500264650003600369655003200405655003200437700002800469700006100497830004300558020003200601020002700633040000800660041001800668044000800686080002200694008004100716856009800757bg00aSłownik pojęć ekonomicznych.n[Cz. 2],pP-Ż /c[red. prowadzący tomu Jadwiga Witecka ; przekł. haseł Ewa Frąckiewicz et al.]. aWarszawa :bWydawnictwo Naukowe PWN,c2007. a272 s. ;c23 cm.1 aBiblioteka Gazety Wyborczej.pBiznes ;vT. 9 aDla kadry zarządzającej : liderów i menedżerów, przedsiębiorców, a taże studentów. 9aNauki ekonomicznexterminologia aSłowniki polsko-angielskie aSłowniki angielsko-polskie1 aWitecka, Jadwiga.eRed.1 aFrąckiewicz, Ewac(organizacja i zarządzanie).eTł. aBiblioteka Gazety Wyborczej.pBiznes ; a9788301152819 (całość) a9788301152802 (t. 9/2) cBPK1 apolbengheng aPOL a33(038)=111=162.1 s pl f |000 0 pol  uhttp://koha.tu.koszalin.pl/cgi-bin/koha/opac-detail.pl?biblionumber=54542yKatalog online BPK